CLEAN GETWAY

Bibliographic Details
Main Author: Stone, Nic (Author)
Format: Book
Published: New York : A Yearling Book 2020
Subjects:

MARC

LEADER 00000cam a2200000 7i4500
001 0000292000
005 20240403130512.0
006 a## #### ###
007 t
008 210520t20202020nyu# ### eng
020 |a 9781984893000 
040 |a MBPJ   |b eng   |c MBPJ   |e rda 
090 0 0 |a F   |b STO 
100 1 |a Stone, Nic ,   |e author 
245 1 0 |a CLEAN GETWAY   |c NIC STONE 
264 1 |a New York :   |b A Yearling Book   |c 2020 
264 4 |c @2020 
300 |a 229 pages ;   |c 20 cm. 
336 |a text  |2 rdacontent 
337 |a unmediated  |2 rdamedia 
338 |a volume  |2 rdacarrier 
650 0 |a Fiction 
999 |a 00397590   |b BUKU   |c PINJAMAN   |e PERPUSTAKAAN KOMUNITI PETALING JAYA